000 01070nam a2200325 a 4500
001
003 DO-SdBNP
005 20220126065658.0
007 000022490
008 101012s2013 dr 000 0 spa d
020 _a9993479896
040 _aBPMSU
_bspa
_cBPMSU
082 _a923.27293
_bD812i, 2013
_222
092 _b
245 0 0 _aIdeario de Duarte y su proyecto de constitución /
_cCompilador Vetilio Alfau Durán.
260 _aSanto Domingo :
_bBúho,
_c2013.
300 _a57 p. ;
_c23 cm.
590 _6Inventariado, 2022/VM
600 1 4 _aDuarte, Juan Pablo
_d1813-1876
_xPensamiento político
651 4 _aRepública Dominicana
_xConstitución
651 4 _aRepública Diominicana
_xPolítica y gobierno
651 4 _aRepública Dominicana
_xHistoria
_y1844-1930
700 1 _aAlfau Durán, Vetilio,
_ecomp.
910 _aVMateo V.
942 _2ddc
_cBK
945 _aInventariado, 2017/MFF
956 _aYLOCKWARD
_b10
_c20130801
_lBND01
_h1123
956 _aMFILETO
_b40
_c20130826
_lBND01
_h1354
956 _aVMATEO
_b10
_c20150810
_lBPMSU
_h00151
999 _c8144
_d8144